Environmental microbiology (Record no. 395834)

MARC details
000 -LEADER
fixed length control field 00526 a2200205 4500
005 - DATE & TIME
control field 20260209164959.0
008 - FIXED-LENGTH DATA ELEMENTS--GENERAL INFORMATION
fixed length control field 260209b |||||||| |||| 00| 0 eng d
020 ## - ISBN
International Standard Book Number 9783662665466
Price € 64.99
040 ## - CATALOGING SOURCE
Original cataloging agency VIVEKANANDA LIBRARY
082 ## - DDC NUMBER
Classification number 576
Book Number R275E
100 ## - MAIN ENTRY--PERSONAL NAME
Personal name Reineke, Walter
245 ## - TITLE STATEMENT
Title Environmental microbiology
260 ## - PUBLICATION, DISTRIBUTION, ETC. (IMPRINT)
Name of publisher, distributor, etc Springer Nature
Place of publication, distribution, etc Berlin
Date of publication, distribution, etc 2023
300 ## - PHYSICAL DESCRIPTION
Pages xvi, 603
650 ## - Subject
Subject Microbiology
650 ## - Subject
Subject Microorganisms
650 ## - Subject
Subject Envirmental Chemicals
700 ## - Added Entry Personal Name
Added Entry Personal Name Schlomann, Michael
942 ## - ADDED ENTRY ELEMENTS (KOHA)
Koha item type Books
Holdings
Withdrawn status Lost status Source of classification or shelving scheme Damaged status Not for loan Location (home branch) Sublocation or collection (holding branch) Shelving location Date acquired Koha issues (times borrowed) Koha full call number Accession No. Koha date last seen Koha item type
    Dewey Decimal Classification     VIVEKANANDA LIBRARY VIVEKANANDA LIBRARY Vivekananda Library 27/01/2026   576 R275E 444252 27/01/2026 Books
© Designed and Maintained by Vivekananda Library, MDU Rohtak